Spider-Man Actors Quiz - Statistics

General Stats
  • This quiz has been taken 47 times
  • The average score is 10 of 11
Answer Stats
Hint Spider-Man Actor % Correct
To have been nominated for an Oscar. Andrew Garfield
97%
To have played a video game character. Tom Holland
90%
To have been in a Disney film. Tom Holland
90%
To have been in a MCU film. Tom Holland/ Andrew Garfield/ Tobey Maguire
90%
To have been in a true story based film. Andrew Garfield/ Tobey Maguire/ Tom Holland
87%
To have kissed Ryan Reynolds. Andrew Garfield
85%
To have been in a Netflix original film. Andrew Garfield/ Tom Holland
85%
To have been in a sports film. Tobey Maguire
85%
To have been in a animated film. Tobey Maguire/ Tom Holland
85%
To have been in a comedy film. Tobey Maguire/ Tom Holland
85%
To have been in a play. Tom Holland/ Andrew Garfield
85%
No matching quizzes found
Score Distribution
Percent of People with Each Score
Percentile by Number Answered
Your Score History
You have not taken this quiz